Toute les races de vaches de production viande - Statistiques

Statistiques générales
  • Ce quiz a été pris 126 fois
  • Le résultat moyen est 3 sur 16
Statistiques - réponses
Réponses % Correct
4 Charolaise
94%
11 Limousine
84%
3 Blonde d'Aquitaine
37%
2 Blanc bleu
27%
1 Bazadaise
18%
13 Parthenaise
18%
14 Rouge des prés
18%
5 Corse
7%
8 Hereford
6%
7 Gasconne des Pyrénées
3%
12 Mirandaise ou Gasconne aréolée
2%
6 Créole
1%
10 INRA 95
1%
15 Saosnoise
1%
9 Highland Cattle
0%
16 Taureau de Camargue
0%
Aucun quiz correspondant
Distribution des résultats
% des personnes avec chaque résultat
Percentile par nombre de réponses
Votre historique - résultats
Vous n’avez pas pris ce quiz